000 00394nam a2200157Ia 4500
008 151213s9999 xx 000 0 und d
100 _aP. G. Hiebing Jr.
245 _aThe Successful Marketing Plan
_cP. G. Hiebing Jr.
250 _a2nd
260 _aU S A
_bN . T. C
_c1996
300 _a2668 p.
650 _aMarketing
650 _aMarketing
700 _aP. G. Hiebing Jr.
999 _c1780
_d1780